Artificial neural networks : concepts and theory
Αποθηκεύτηκε σε:
| Άλλοι συγγραφείς: | , |
|---|---|
| Μορφή: | Βιβλίο |
| Γλώσσα: | English |
| Δημοσίευση: |
Los Alamitos, Calif. :
IEEE Computer Society Press,
c1992
|
| Σειρά: | IEEE Computer Society Press tutorial
|
| Θέματα: | |
| Ετικέτες: |
Προσθήκη ετικέτας
Δεν υπάρχουν, Καταχωρήστε ετικέτα πρώτοι!
|
MARC
| LEADER | 00000cam a2200000 i 4500 | ||
|---|---|---|---|
| 001 | 1/50181 | ||
| 008 | 941103s1992 eng d | ||
| 020 | |a 0818689978 | ||
| 020 | |a 0818659971 | ||
| 035 | |a 1995 |c ΚΑΤΣΙΚΑΣ |l 10026959 | ||
| 040 | |a GR-MY-UA |b gre |e aacr | ||
| 041 | 0 | |a eng | |
| 082 | 0 | |a 006.3 |2 (20) | |
| 245 | 1 | 0 | |a Artificial neural networks : |b concepts and theory / |c [compiled by] Pankaj Mehra and Benjamin W. Wah |
| 260 | |a Los Alamitos, Calif. : |b IEEE Computer Society Press, |c c1992 | ||
| 300 | |a xi, 667 p.; |b ill.; |c 29 cm | ||
| 490 | 1 | |a IEEE Computer Society Press tutorial | |
| 500 | |a IEEE Computer Society Press order number 1997"--T.p. verso | ||
| 500 | |a "IEEE catalog number 92EH03541"--T.p. verso | ||
| 504 | |a Includes bibliographical references | ||
| 650 | 0 | 0 | |a Neural networks (Computer science) |
| 700 | 1 | |a Mehra, Pankaj |d 1964- | |
| 700 | 1 | |a Wah, Benjamin W. | |
| 830 | 0 | |a IEEE Computer Society Press tutorial | |
| 852 | |a INST |b CHIOS |e 19980213 |h 006.3 MEH |p 005200009938 |q 005200009938 |t BK |y 0 | ||
| 852 | |a INST |b SAMOS |e 19941103 |h 006.3 MEH |p 005300004785 |q 005300004785 |t BK |y 0 | ||
| 901 | |a BIBL-1998-1 | ||
| 909 | |a Χ |b 052939 | ||
| 909 | |a Σ |b 028561 | ||
| 922 | |a 2ΕΛΗ |b 199801 |c ΣΑΚΕΛΛΑΡΙΔΗΣ |d ΠΑΠΑΣΩΤΗΡΙΟΥ | ||